000 00563nam a22002057a 4500
003 OSt
005 20251206032137.0
008 251206b |||||||| |||| 00| 0 eng d
020 _a 07153-18497
040 _aDWC-Main lib
_cOC
082 _aCirc. 080 G297w 2004
100 _aGee, Renie
245 _aWho said that?/
_cRenie Gee
260 _aOhio :
_bF & W Publications Inc.,
_cc2004.
300 _a159 pages ;
_c 21 cm.
504 _aIncludes index.
650 _a1. Biography.
650 _a2. Qoutations, English.
942 _2ddc
_cBK-CIRC
_kCirc.
_n0
999 _c6995
_d6995